Statistics for Capitals AND Countries That Start With H

Click here to take the quiz!

General Stats

  • This quiz has been taken 5,675 times
  • The average score is 7 of 8

Answer Stats

Answer% Correct
CountryHaiti
96%
CountryHonduras
95%
CountryHungary
94%
CapitalHelsinki
85%
CapitalHanoi
83%
CapitalHarare
80%
CapitalHavana
77%
CapitalHoniara
77%

Score Distribution

Percentile by Number Answered

Percent of People with Each Score

Your Score History

You have not taken this quiz